Statistics for Random Numbers in Words with Missing Letters

Click here to take the quiz!

General Stats

  • This quiz has been taken 45 times
  • The average score is 15 of 20

Answer Stats

hintnumber% Correct
f-f-e-nfifteen
100%
n-n-t-e-nineteen
100%
o-eone
100%
s-v-nseven
100%
t-otwo
88%
n-n-nine
86%
f-u-four
83%
s-v-n-e-nseventeen
83%
t-nten
83%
e-g-teight
80%
-l-v-neleven
80%
-w-two
75%
-i-efive/nine
70%
-o-rfour
70%
-i-h-eight
67%
e-g-t-e-eighteen
67%
f-u-t-e-fourteen
67%
-h-r-e-nthirteen
63%
-n-one
60%
s-x-e-nsixteen
60%
-i-six
57%
t-e-t-twenty
57%
-i-h-e-neighteen
50%
e-e-e-eleven
50%
f-v-five
50%
s-xsix
50%
-e-ten
50%
t-r-ethree
50%
-w-l-etwelve
50%
t-e-v-twelve
50%
-w-n-ytwenty
50%
-e-e-seven
43%
-i-t-e-fifteen/
sixteen
40%
-h-e-three
38%
t-i-t-e-thirteen
33%
-i-e-e-nnineteen
29%
-o-r-e-nfourteen
25%

Score Distribution

Percentile by Number Answered

Percent of People with Each Score

Your Score History

You have not taken this quiz